<?xml version="1.0" encoding="UTF-8"?>
<record
    xmlns:xsi="http://www.w3.org/2001/XMLSchema-instance"
    xsi:schemaLocation="http://www.loc.gov/MARC21/slim http://www.loc.gov/standards/marcxml/schema/MARC21slim.xsd"
    xmlns="http://www.loc.gov/MARC21/slim">

  <leader>03928cam a2200469 i 4500</leader>
  <controlfield tag="001">19618519</controlfield>
  <controlfield tag="003">CSPC</controlfield>
  <controlfield tag="005">20260122171608.0</controlfield>
  <controlfield tag="008">170502s2016    nyua     b    000 0 eng  </controlfield>
  <datafield tag="010" ind1=" " ind2=" ">
    <subfield code="a">  2017005811</subfield>
  </datafield>
  <datafield tag="020" ind1=" " ind2=" ">
    <subfield code="a">9780143130727</subfield>
  </datafield>
  <datafield tag="035" ind1=" " ind2=" ">
    <subfield code="a">19618519</subfield>
  </datafield>
  <datafield tag="040" ind1=" " ind2=" ">
    <subfield code="d">DLC</subfield>
    <subfield code="a">DLC</subfield>
    <subfield code="b">eng</subfield>
    <subfield code="c">CSPC</subfield>
    <subfield code="e">rda</subfield>
    <subfield code="d">DLC</subfield>
    <subfield code="d">CSPC</subfield>
  </datafield>
  <datafield tag="041" ind1="1" ind2=" ">
    <subfield code="a">eng</subfield>
    <subfield code="h">spa</subfield>
  </datafield>
  <datafield tag="042" ind1=" " ind2=" ">
    <subfield code="a">pcc</subfield>
  </datafield>
  <datafield tag="043" ind1=" " ind2=" ">
    <subfield code="a">a-ja---</subfield>
  </datafield>
  <datafield tag="050" ind1="0" ind2="0">
    <subfield code="a">RA776.75</subfield>
    <subfield code="b">.G3713 2016</subfield>
  </datafield>
  <datafield tag="082" ind1="0" ind2="0">
    <subfield code="a">613</subfield>
    <subfield code="b">G165i</subfield>
    <subfield code="2">23</subfield>
  </datafield>
  <datafield tag="100" ind1="1" ind2=" ">
    <subfield code="a">Garc&#xED;a, H&#xE9;ctor,</subfield>
    <subfield code="d">1981-</subfield>
    <subfield code="e">author.</subfield>
  </datafield>
  <datafield tag="240" ind1="1" ind2="0">
    <subfield code="a">Ikigai.</subfield>
    <subfield code="l">English</subfield>
  </datafield>
  <datafield tag="245" ind1="1" ind2="0">
    <subfield code="a">Ikigai :</subfield>
    <subfield code="b">the Japanese secret to a long and happy life /</subfield>
    <subfield code="c">H&#xE9;ctor Garc&#xED;a and Francesc Miralles ; translated by Heather Cleary.</subfield>
  </datafield>
  <datafield tag="264" ind1=" " ind2="1">
    <subfield code="a">New York :</subfield>
    <subfield code="b">Penguin Books,</subfield>
    <subfield code="c">2016</subfield>
  </datafield>
  <datafield tag="300" ind1=" " ind2=" ">
    <subfield code="a">194 pages :</subfield>
    <subfield code="b">illustrations ;</subfield>
    <subfield code="c">19 cm.</subfield>
  </datafield>
  <datafield tag="336" ind1=" " ind2=" ">
    <subfield code="a">text</subfield>
    <subfield code="b">txt</subfield>
    <subfield code="2">rdacontent</subfield>
  </datafield>
  <datafield tag="337" ind1=" " ind2=" ">
    <subfield code="a">unmediated</subfield>
    <subfield code="b">n</subfield>
    <subfield code="2">rdamedia</subfield>
  </datafield>
  <datafield tag="338" ind1=" " ind2=" ">
    <subfield code="a">volume</subfield>
    <subfield code="b">nc</subfield>
    <subfield code="2">rdacarrier</subfield>
  </datafield>
  <datafield tag="500" ind1=" " ind2=" ">
    <subfield code="a">"Originally published in Spanish as Ikigai: Los secretos de Jap&#xF3;n para una vida larga y feliz by Ediciones Urano in 2016."</subfield>
  </datafield>
  <datafield tag="504" ind1=" " ind2=" ">
    <subfield code="a">Includes bibliographical references.</subfield>
  </datafield>
  <datafield tag="505" ind1="0" ind2=" ">
    <subfield code="a">Ikigai: a mysterious word -- Ikigai -- The art of staying young while growing old -- Antiaging secrets -- Little things that add up to a long and happy life -- From logotheraphy to ikigai -- How to live longer and better by finding your purpose -- Find flow in everything you do -- How to turn work and free time into spaces for growth -- Masters of longevity -- Words of wisdom from the longest0living people in the world -- Lessons from Japan's centenarians -- Traditions and proverbs for happiness and longevity -- The ikigai diet -- What the world's longest-living people eat and drink -- Gentle movements, longer life -- Exercises from the East that promote health and longevity -- Resilience and wabi-sabi -- How to face life's challenges without letting stress and worry age you -- Epilogue -- Ikigai: the art of living.  </subfield>
  </datafield>
  <datafield tag="520" ind1=" " ind2=" ">
    <subfield code="a">"According to the Japanese, everyone has an ikigai&#x2014;a reason for living. And according to the residents of the Japanese village with the world&#x2019;s longest-living people, finding it is the key to a happier and longer life. Having a strong sense of ikigai&#x2014;where what you love, what you&#x2019;re good at, what you can get paid for, and what the world needs all overlap&#x2014;means that each day is infused with meaning. It&#x2019;s the reason we get up in the morning. It&#x2019;s also the reason many Japanese never really retire (in fact there&#x2019;s no word in Japanese that means retire in the sense it does in English): They remain active and work at what they enjoy, because they&#x2019;ve found a real purpose in life&#x2014;the happiness of always being busy.
In researching this book, the authors interviewed the residents of the Japanese village with the highest percentage of 100-year-olds&#x2014;one of the world&#x2019;s Blue Zones. Ikigai reveals the secrets to their longevity and happiness: how they eat, how they move, how they work, how they foster collaboration and community, and&#x2014;their best-kept secret&#x2014;how they find the ikigai that brings satisfaction to their lives. And it provides practical tools to help you discover your own ikigai. Because who doesn&#x2019;t want to find happiness in every day?" -- Amazon</subfield>
  </datafield>
  <datafield tag="650" ind1=" " ind2="0">
    <subfield code="a">Longevity</subfield>
    <subfield code="z">Japan.</subfield>
  </datafield>
  <datafield tag="650" ind1=" " ind2="0">
    <subfield code="a">Longevity.</subfield>
  </datafield>
  <datafield tag="650" ind1=" " ind2="0">
    <subfield code="a">Happiness.</subfield>
  </datafield>
  <datafield tag="650" ind1=" " ind2="0">
    <subfield code="a">Quality of life.</subfield>
  </datafield>
  <datafield tag="700" ind1="1" ind2=" ">
    <subfield code="a">Miralles, Francesc,</subfield>
    <subfield code="d">1968-</subfield>
    <subfield code="e">author.</subfield>
  </datafield>
  <datafield tag="700" ind1="1" ind2=" ">
    <subfield code="a">Cleary, Heather, </subfield>
    <subfield code="e">translator. </subfield>
  </datafield>
  <datafield tag="776" ind1="0" ind2="8">
    <subfield code="i">Online version:</subfield>
    <subfield code="a">Garc&#xED;a, H&#xE9;ctor, 1981- author.</subfield>
    <subfield code="t">Ikigai</subfield>
    <subfield code="d">New York : Penguin Books, [2017]</subfield>
    <subfield code="z">9781524704551</subfield>
    <subfield code="w">(DLC) 2017022599</subfield>
  </datafield>
  <datafield tag="906" ind1=" " ind2=" ">
    <subfield code="a">7</subfield>
    <subfield code="b">cbc</subfield>
    <subfield code="c">orignew</subfield>
    <subfield code="d">1</subfield>
    <subfield code="e">ecip</subfield>
    <subfield code="f">20</subfield>
    <subfield code="g">y-gencatlg</subfield>
  </datafield>
  <datafield tag="942" ind1=" " ind2=" ">
    <subfield code="2">ddc</subfield>
    <subfield code="c">BK</subfield>
    <subfield code="h">613</subfield>
    <subfield code="i">G165i</subfield>
    <subfield code="k">CIR </subfield>
    <subfield code="m">2016</subfield>
    <subfield code="n">0</subfield>
    <subfield code="e">23</subfield>
  </datafield>
  <datafield tag="952" ind1=" " ind2=" ">
    <subfield code="0">0</subfield>
    <subfield code="1">0</subfield>
    <subfield code="2">ddc</subfield>
    <subfield code="4">0</subfield>
    <subfield code="7">0</subfield>
    <subfield code="a">CSPC</subfield>
    <subfield code="b">CSPC</subfield>
    <subfield code="c">CIR</subfield>
    <subfield code="d">2026-01-21</subfield>
    <subfield code="l">1</subfield>
    <subfield code="o">CIR 613 G165i 2016</subfield>
    <subfield code="p">031092</subfield>
    <subfield code="r">2026-04-14 11:54:19</subfield>
    <subfield code="s">2026-03-25</subfield>
    <subfield code="t">1-1</subfield>
    <subfield code="w">2026-01-21</subfield>
    <subfield code="y">BK</subfield>
  </datafield>
  <datafield tag="999" ind1=" " ind2=" ">
    <subfield code="c">31568</subfield>
    <subfield code="d">31568</subfield>
  </datafield>
</record>
